| 000 | 00000nam 2200000zi 4500 |
| 001 | 9.944213 |
| 003 | CaOODSP |
| 005 | 20250107144100 |
| 006 | m o d f |
| 007 | cr cn||||||||| |
| 008 | 241017e202412 oncd obs f000 0 eng d |
| 020 | |a9780660740560 |
| 040 | |aCaOODSP|beng|erda|cCaOODSP |
| 043 | |an-cn--- |
| 086 | 1 |aIN4-77/2024E-PDF |
| 245 | 00|aPension plan for the Public Service of Canada : |bpopulation and mortality study. |
| 264 | 1|aOttawa, Ontario : |bOffice of the Superintendent of Financial Institutions Canada, Office of the Chief Actuary = Bureau du surintendant des institutions financières Canada, Bureau de l'actuaire en chef, |cDecember 2024. |
| 300 | |a1 online resource (44 pages) : |bgraphs |
| 336 | |atext|btxt|2rdacontent |
| 337 | |acomputer|bc|2rdamedia |
| 338 | |aonline resource|bcr|2rdacarrier |
| 500 | |aIssued also in French under title: Régime de retraite de la fonction publique du Canada : étude des populations et de la mortalité. |
| 500 | |a"Actuarial Study No. 25." |
| 504 | |aIncludes bibliographical references. |
| 520 | |a"This study was conducted to support the identification of mortality assumptions for the 20th Actuarial Report on the Pension Plan for the Public Service of Canada (PSPP) as at 31 March 2023. The increase in life expectancy and the changes in future longevity improvement rates are important risks faced by defined benefit pension plans. This study helps to manage these risks by understanding the evolution of plan experience in order to determine appropriate mortality assumptions"--Executive summary, page 6. |
| 650 | 0|aPensions|zCanada|vStatistics. |
| 650 | 0|aMortality|zCanada|xStatistics. |
| 651 | 0|aCanada|xOfficials and employees|xPensions. |
| 655 | 7|aStatistics|2lcgft |
| 710 | 1 |aCanada. |bOffice of the Superintendent of Financial Institutions Canada. |bOffice of the Chief Actuary, |eissuing body. |
| 775 | 08|tRégime de retraite de la fonction publique du Canada : |w(CaOODSP)9.944214 |
| 856 | 40|qPDF|s5.80 MB|uhttps://publications.gc.ca/collections/collection_2025/bsif-osfi/IN4-77-2024-eng.pdf |
| 856 | 4 |qHTML|sN/A|uhttps://www.osfi-bsif.gc.ca/en/oca/actuarial-studies/pension-plan-public-service-canada-population-mortality-study-actuarial-study-no-25 |